Principles of heat transfer. (Record no. 67603)
[ view plain ]
| 000 -LEADER | |
|---|---|
| fixed length control field | 00499pam a2200205 a 4500 |
| 001 - CONTROL NUMBER | |
| control field | 2404128 |
| 003 - CONTROL NUMBER IDENTIFIER | |
| control field | NUST-PNEC |
| 005 - DATE AND TIME OF LATEST TRANSACTION | |
| control field | 20170116181027.0 |
| 008 - FIXED-LENGTH DATA ELEMENTS--GENERAL INFORMATION | |
| fixed length control field | 860123s1986 nyua b 001 0 eng |
| 010 ## - LIBRARY OF CONGRESS CONTROL NUMBER | |
| LC control number | 86000331 |
| 020 ## - INTERNATIONAL STANDARD BOOK NUMBER | |
| International Standard Book Number | 0534375960 |
| 040 ## - CATALOGING SOURCE | |
| Transcribing agency | LIBRARY |
| 082 00 - DEWEY DECIMAL CLASSIFICATION NUMBER | |
| Classification number | 621.4022 KRE |
| 100 1# - MAIN ENTRY--PERSONAL NAME | |
| Personal name | Kreith, Frank. |
| 245 10 - TITLE STATEMENT | |
| Title | Principles of heat transfer. |
| Remainder of title | Frank Kreith |
| 250 ## - EDITION STATEMENT | |
| Edition statement | Sixth Edition |
| 650 #0 - SUBJECT ADDED ENTRY--TOPICAL TERM | |
| Topical term or geographic name entry element | Heat |
| General subdivision | Transmission. - ME |
| 700 1# - ADDED ENTRY--PERSONAL NAME | |
| Personal name | Bohn, Mark. |
| 942 ## - ADDED ENTRY ELEMENTS (KOHA) | |
| Source of classification or shelving scheme | |
| Koha item type | Book |
| Withdrawn status | Lost status | Source of classification or shelving scheme | Damaged status | Not for loan | Permanent Location | Current Location | Shelving location | Date acquired | Total Checkouts | Full call number | Barcode | Date last seen | Price effective from | Koha item type |
|---|---|---|---|---|---|---|---|---|---|---|---|---|---|---|
| Pakistan Navy Engineering College (PNEC) | Pakistan Navy Engineering College (PNEC) | 621.4022 KRE | PNECLIB-025786 | 09/18/2015 | Book | |||||||||
| Pakistan Navy Engineering College (PNEC) | Pakistan Navy Engineering College (PNEC) | 621.4022 KRE | PNECLIB-026071 | 09/18/2015 | Book |
